00730nam a2200193 a 450000100100000000500170001000800410002702000150006804000250008310000370010824500330014526000570017830000280023549000650026349000350032850000730036383000650043683000350050100003408220200930070746.0110914s2006 ag 000 0 spa d a9505564848 aDO-SdBNPbspacBNPHU1 aPuiggrós, Rodolfo,d1906-1980.13aLa democracia fraudulenta /. aBuenos Aires, Argentina :bEditorial Galerna,c2006. a271 p. :bil. ;c23 cm.1 aHistoria crítica de los partidos políticos Argentinosv41 aBiblioteca popularaDocumentos aIncluye referencias bibliográficas y notas al pie de las páginas 0aHistoria crítica de los partidos políticos Argentinosv4 0aBiblioteca popularpDocumentos